Ends in "-ard" - Statistics

General Stats
  • This quiz has been taken 58 times
  • The average score is 19 of 27
Answer Stats
Hint Answer % Correct
Birthday, business, Christmas, credit, green or yellow are all types of this Card
98%
Not easy Hard
98%
One who provides security or protection Guard
94%
One who lacks bravery Coward
90%
Large cat of the genus Panthera, famed for its spotted coat Leopard
88%
Iguanas, chameleons and geckos (Oh my!) Lizard
88%
Yellow condiment. The Dijon variety is very popular Mustard
86%
A broken piece of glass or pottery, also a famous London skyscraper Shard
84%
One who is under the protection of a guardian. An electoral district in a town. Part of a hospital Ward
84%
Occupation of Harry Potter or Gandalf the Grey Wizard
84%
A powerful snowstorm Blizzard
82%
Rendered pork fat, used in baking and other recipes Lard
78%
Ringo Starr's first name, or that of a certain "lion-hearted" English king Richard
78%
An old time poet or minstrel, and a very common nickname for William Shakespeare Bard
76%
In the direction of straight ahead Forward
76%
Former child actor and famed director Ron, his father's first name on "Happy Days," or the last name of Moe, Curly and Shemp Howard
68%
Bald-headed captain of the USS Enterprise, played by Patrick Stewart, Jean-Luc ______ Picard
66%
On an earlier Enterprise, the first name of Dr. "Bones" McCoy, or of Mr. Spock actor Nimoy Leonard
60%
To look at something, or, to hold something in esteem Regard
58%
Part of the digestive tract in some birds. Considered a delicacy in some cultures Gizzard
54%
Popular leafy green, associated with Switzerland Chard
52%
In the general direction of Toward
52%
Iconic Country singer Merle, or how some old Country singers may appear Haggard
50%
A sheath for a sword or knife Scabbard
38%
Large British shipping and cruise line Cunard
36%
British playwright who gave us "Rosencrantz and Guildenstern Are Dead," Tom ________ Stoppard
34%
A ruse or deception (or a French duck) Canard
28%
No matching quizzes found
Score Distribution
Percent of People with Each Score
Percentile by Number Answered
Your Score History
You have not taken this quiz